000 00876cam a22003013a 4500
001 541
003 PGUSA
005 20140828082949.0
008 960501s1996||||xxu|||||s|||||000 1 eng d
040 _aPGUSA
_beng
042 _adc
050 4 _aPS
100 1 _aWharton, Edith,
_d1862-1937
245 1 4 _aThe Age of Innocence
_h[electronic resource] /
_cEdith Wharton
260 _bProject Gutenberg,
_c1996
506 _aPublic domain in the USA.
516 _aElectronic text
653 _aDomestic fiction
653 _aLove stories
653 _aSeparated people -- Fiction
653 _aTriangles (Interpersonal relations) -- Fiction
653 _aNew York (N.Y.) -- Fiction
653 _aMarried people -- Fiction
653 _aUpper class -- Fiction
830 0 _aProject Gutenberg
_v541
856 4 0 _uhttp://www.gutenberg.org/ebooks/541
942 _cEB
999 _c229892
_d229892